Report on the hungarian unified police and prosecution crime statistics: 1. half-year 1993

Gespeichert in:  
Bibliographische Detailangaben
Körperschaft: Ministry of the Interior (BeteiligteR)
Medienart: Druck Buch
Sprache:Englisch
Veröffentlicht: Budapest Eigenverlag 1993
In:Jahr: 1993
Bestand in Tübingen:In Tübingen vorhanden.
IFK: H IV 39
Verfügbarkeit prüfen: HBZ Gateway
Subito Bestelldienst: Jetzt bestellen.
Schlagwörter:

MARC

LEADER 00000cam a22000002c 4500
001 1522018557
003 DE-627
005 20220603164547.0
007 tu
008 151116s1993 xx ||||| 00| ||eng c
035 |a (DE-627)1522018557 
035 |a (DE-576)452018552 
035 |a (DE-599)BSZ452018552 
040 |a DE-627  |b ger  |c DE-627  |e rakwb 
041 |a eng 
245 0 0 |a Report on the hungarian unified police and prosecution crime statistics  |b 1. half-year 1993 
264 1 |a Budapest  |b Eigenverlag  |c 1993 
300 |a 25 S. 
336 |a Text  |b txt  |2 rdacontent 
337 |a ohne Hilfsmittel zu benutzen  |b n  |2 rdamedia 
338 |a Band  |b nc  |2 rdacarrier 
583 1 |a Archivierung prüfen  |c 20200919  |f DE-640  |z 1  |2 pdager 
710 2 |a Ministry of the Interior  |4 oth 
951 |a BO 
ELC |b 1 
LOK |0 000 xxxxxcx a22 zn 4500 
LOK |0 001 2873337125 
LOK |0 003 DE-627 
LOK |0 004 1522018557 
LOK |0 005 20151116140057 
LOK |0 008 150728||||||||||||||||ger||||||| 
LOK |0 035   |a (DE-21-110)kd13718 
LOK |0 040   |a DE-21-110  |c DE-627  |d DE-21-110 
LOK |0 689   |a s  |a Kriminalstatistik 
LOK |0 689   |a s  |a Staatsanwaltschaftsstatistik 
LOK |0 689   |a s  |a Kriminalitätsentwicklung 
LOK |0 689   |a s  |a Ungarn 
LOK |0 852   |a DE-21-110 
LOK |0 852 1  |c H IV 39  |m p  |9 00 
LOK |0 935   |a k110 
LOK |0 938   |k p 
LOK |0 939   |a 28-07-15  |b l01 
ORI |a SA-MARC-krimdoka001.raw 
SIG |a IFK: H IV 39